000 00618nam a2200205Ii 4500
001 8138
003 CO-ViMGA
008 241108s9999||||xx |||||||||||||| ||und||
040 _aCO-ViMGA
_bspa
_erda
_cCO-ViMGA
041 0 _aunk
082 0 4 _a986.103-G642r
100 1 _aMargarita González
_950090
245 1 0 _a<El> resguardo en el nuevo reino de granada
264 1 _a[Lugar de publicación no identificado] : Lealon, 1979
300 _avolumen
336 _atext
_btxt
_2rdacontent
337 _aunmediated
_bn
_2rdamedia
338 _avolume
_bnc
_2rdacarrier
940 _aidficha_siabuc: 7957. -- ficha_no_siabuc:8138
999 _c53932
_d53932